Kvalita ako výraz, disciplína a podmienka rozvoja výrobných a logistických procesov v podniku

Prehodnocovanie pojmu kvalita ako výraz, disciplína a podmienka výrobných a logistických procesov v podniku. Pojem kvalita v súvislostiach s elementárnymi a dispozitívnymi prvkami v manažmente výroby a logistiky a s tacitnými poznatkami, znalosťami a úlohou procesného manažmentu v danej oblasti. Zdo...

Descrizione completa

Salvato in:
Dettagli Bibliografici
Autore principale: Dupaľ, Andrej
Altri autori: Biela, Alexandra
Natura: Capitolo di libro
Lingua:slovacco
Soggetti:
Tags: Aggiungi Tag
Nessun Tag, puoi essere il primo ad aggiungerne!!

MARC

LEADER 00000naa a2200000 4500
001 0283507
005 20240521102656.0
041 0 |a slo 
044 |a SK 
245 1 0 |a Kvalita ako výraz, disciplína a podmienka rozvoja výrobných a logistických procesov v podniku  |c Andrej Dupaľ, Alexandra Biela 
520 |a Prehodnocovanie pojmu kvalita ako výraz, disciplína a podmienka výrobných a logistických procesov v podniku. Pojem kvalita v súvislostiach s elementárnymi a dispozitívnymi prvkami v manažmente výroby a logistiky a s tacitnými poznatkami, znalosťami a úlohou procesného manažmentu v danej oblasti. Zdokonalovanie rozvojových procesov prostredníctvom štandardizácie, normalizácie, unifikácie a dedičnosti, automatizácie a digitalizácie výrobných a logistických procesov. 
610 2 0 |a kvalita 
610 2 0 |a procesy podnikové 
610 2 0 |a digitalizácia 
610 2 0 |a logistika 
610 2 0 |a výroba 
100 1 |a Dupaľ, Andrej 
700 1 |a Biela, Alexandra